HOMEBIRTH THEESSENTIAL GUIDE TOGIVING BIRTH OUTSID OF THE HOSPITAL (Record no. 4157)

MARC details
000 -LEADER
fixed length control field 00428nam a22001577a 4500
003 - CONTROL NUMBER IDENTIFIER
control field OSt
005 - DATE AND TIME OF LATEST TRANSACTION
control field 20210915143912.0
008 - FIXED-LENGTH DATA ELEMENTS--GENERAL INFORMATION
fixed length control field 210915b |||||||| |||| 00| 0 eng d
040 ## - CATALOGING SOURCE
Transcribing agency HU
082 ## - DEWEY DECIMAL CLASSIFICATION NUMBER
Classification number 618.25/KIT
100 ## - MAIN ENTRY--PERSONAL NAME
Personal name KITZINGER
Fuller form of name SHEILA KITZINGER
9 (RLIN) 3997
245 ## - TITLE STATEMENT
Title HOMEBIRTH THEESSENTIAL GUIDE TOGIVING BIRTH OUTSID OF THE HOSPITAL
260 ## - PUBLICATION, DISTRIBUTION, ETC.
Place of publication, distribution, etc. NEW YOYK
Name of publisher, distributor, etc. DORLING KINDERSLEY
300 ## - PHYSICAL DESCRIPTION
Extent 208
942 ## - ADDED ENTRY ELEMENTS (KOHA)
Source of classification or shelving scheme Dewey Decimal Classification
Koha item type Books like text book referance book
Suppress in OPAC No
Holdings
Withdrawn status Lost status Source of classification or shelving scheme Damaged status Not for loan Home library Current library Shelving location Date acquired Total Checkouts Full call number Barcode Date last seen Copy number Price effective from Koha item type
    Dewey Decimal Classification     Natural & Computational Science Library Natural & Computational Science Library General Stacks 09/15/2021   618.25/KIT NSCLIB00008472 09/15/2021 1 09/15/2021 Books like text book referance book